Ncuti Gatwa Filmography - Statistics

General Stats
  • This quiz has been taken 13 times
    6 since last reset
  • The average score is 3 of 27
Answer Stats
Type Year Name % Correct
TV Show 2023-Present Doctor Who
100%
Web Series 2019-2023 Sex Education
83%
Film 2023 Barbie
50%
Film 2025 The Roses
17%
TV Special 2023 40th Anniversary Disney Parks Magical Christmas Day Parade
0%
Theater 2016-2017 946: The Amazing Story of Adolphus Tips
0%
Film 2016 A Midsummer Night's Dream
0%
TV Show 2023 Blue Peter
0%
TV Mini-Series 2014 Bob Servant
0%
TV Special 2024 Children in Need
0%
Podcast 2023 David Copperfield
0%
TV Mini-Series 2024 Doctor Who: Tales of the TARDIS
0%
Documentary Series 2023-Present Doctor Who: Unleashed
0%
Video Game 2022 GRID Legends
0%
Film 2019 Horrible Histories: The Movie - Rotten Romans
0%
Documentary Series 2023 Imagine
0%
TV Show 2025 Jeopardy!
0%
Web Mini-Series 2024 Masters of the Air
0%
Film 2025 National Theatre Live: The Importance of Being Earnest
0%
TV Show 2020 Portrait Artist of the Year
0%
Theater 2014-2015 Shakespeare in Love
0%
TV Mini-Series 2015 Stonemouth
0%
Music Video 2023 The Goblin Song
0%
Theater 2024-2025 The Importance of Being Earnest
0%
Film 2021 The Last Letter from Your Lover
0%
Film TBA The Queen of Fashion
0%
Theater 2017 Trouble in Mind
0%
No matching quizzes found
Score Distribution
Percent of People with Each Score
Percentile by Number Answered
Your Score History
You have not taken this quiz since the last reset